000 00649nam a2200277Ia 4500
005 20260324125840.0
008 008 260324s9999 xx 000 0 eng d
020 _a9780080561219
037 _aEBOOK
040 _aCRL
040 _beng
040 _cCRL
041 _2eng
041 _aeng
084 _qCRL
100 _aGraeme Drummond; John Ensor; Ruth Ashford
_91179561
245 0 _aStrategic Marketing
260 _bTaylor and Francis
260 _c2008
365 _a
365 _b300
856 _uhttp://www.taylorfrancis.com/books/9780080561219
942 _cEBOOK
999 _c1775162
_d1775162